| 000 -ლიდერი |
| ფიქსირებული სიგრძის საკონტროლო ველი |
01920nam a2200301Ia 4500 |
| 001 - საკონტროლო ნომერი |
| საკონტროლო ველი |
22300 |
| 003 - საკონტროლო ნომრის იდენტიფიკატორი |
| საკონტროლო ველი |
GE_BSU |
| 005 - ბოლო ოპერაციის თარიღი და დრო |
| საკონტროლო ველი |
20230301160040.0 |
| 008 - ფიქსირებული სიგრძის მონაცემთა ელემენტები - ზოგადი ინფორმაცია |
| ფიქსირებული სიგრძის საკონტროლო ველი |
181216s2012||||ge |||||||||||||| ||geo|| |
| 020 ## - წიგნის საერთაშორისო სტანდარტული ნომერი |
| International Standard Book Number |
978-9941-437-15-1 |
| 040 ## - კატალოგიზაციის წყარო |
| Transcribing agency |
GE_BSU |
| 041 ## - ენის კოდი |
| Language code of text/sound track or separate title |
geo |
| 080 ## - უნივერსალური ათობითი კლასიფიკაციის ინდექსი |
| Universal Decimal Classification number |
811.353.1'362 ბ-52 |
| 100 ## - მთავარი ჩანაწერი - პიროვნების სახელი |
| Personal name |
ბერიკაშვილი, სვეტლანა |
| 9 (RLIN) |
17095 |
| 245 ## - ცნობა სათაურის შესახებ |
| Title |
ქართულ-ბერძნული კონტრასტული გრამატიკა = Georgian-greek contrastive grammar : |
| Remainder of title |
სახელთა სისტემა / |
| Statement of responsibility, etc |
სვეტლანა ბერიკაშვილი ; რედ. სოფიო შამანიდი. |
| 264 ## - წარმოების, გამოცემის, დისტრიბუციის და სხვა ცნობები |
| გამოცემის, წარმოების, დისტრიბუციის... ადგილი |
თბილისი : |
| გამოცემის, წარმოების, დისტრიბუციის... სახელწოდება |
ლოგოსი, |
| გამოცემის, წარმოების, დისტრიბუციის... თარიღი |
2012. |
| 300 ## - ფიზიკური აღწერა |
| Extent |
160 გვ. ; |
| Dimensions |
20 სმ. |
| 490 ## - სერიის ცნობა |
| Series statement |
პროგრამა "ლოგოსი" |
| 500 ## - ზოგადი შენიშვნა |
| General note |
პუბლიკაციები და ღონისძიებები კლასიკური ფილოლოგიის, ბიზანტინისტიკისა და ნეოგრეცისტიკის სფეროში |
| 520 ## - SUMMARY, ETC. |
| Summary, etc |
პარალ. თავფურ. და რეზ. ინგლ. |
| 546 ## - LANGUAGE NOTE |
| Language note |
პარალელური თავფურცელი და რეზიუმე ინგლისურ ენაზე |
| 653 ## - INDEX TERM--UNCONTROLLED |
| Uncontrolled term |
სახელთა სისტემა |
| 653 ## - INDEX TERM--UNCONTROLLED |
| Uncontrolled term |
ქართულ-ბერძნული კონტრასტული გრამატიკა |
| 700 ## - ADDED ENTRY--PERSONAL NAME |
| Personal name |
შამანიდი, სოფიო |
| Relator term |
რედაქტორი |
| 9 (RLIN) |
17096 |
| 710 ## - ADDED ENTRY--CORPORATE NAME |
| Corporate name or jurisdiction name as entry element |
თსუ |
| Subordinate unit |
კლასიკური ფილოლოგიის, ბიზანტინისტიკის და ნეოგრეცისტიკის ინსტიტუტი |
| 9 (RLIN) |
17097 |
| 942 ## - ADDED ENTRY ELEMENTS (KOHA) |
| Koha item type |
წიგნი |
| Source of classification or shelving scheme |
|